Logo BPK

Biblioteka

Politechniki Koszalińskiej

Wzory regulaminów umów i pism z objaśnieniami : (Rekord nr 33095)

Szczegóły MARC
000 -ETYKIETA REKORDU
podpole kontrolne o stałej długości 00636nam a2200205 i 4500
001 - NUMER KONTROLNY REKORDU
pole kontrolne bg
020 ## - MIĘDZYNARODOWY ZNORMALIZOWANY NUMER KSIĄŻKI - ISBN
ISBN 838728632X
040 ## - ŹRÓDŁO KATALOGOWANIA
Instytucja, która utworzyła rekord BPK
041 0# - KOD JĘZYKA
Kod języka tekstu pl
080 ## - UNIWERSALNA KLASYFIKACJA DZIESIĘTNA - UKD
UKD 349.2:331.1](438)(083)
920 ## - Międzynarodowy znormalizowany numer książki – ISBN
ISBN 83-87286-32-X
008 - POLE O STAŁEJ DŁUGOŚCI - DANE KONTROLNE
podpole kontrolne o stałej długości s pl f |000 0 pol
100 1# - NAZWA OSOBOWA
Nazwa osobowa PORTALSKI, Roman
245 10 - TYTUŁ/ODPOWIEDZIALNOŚĆ
Tytuł Wzory regulaminów umów i pism z objaśnieniami :
Ciąg dalszy tytułu stosowanych na podstawie Kodeksu pracy i przepisów wykonawczych /
Pozostałe elementy strefy tytułu i oznaczenia odpowiedzialności Roman Portalski.
260 ## - STREFA ADRESU WYDAWNICZEGO
Miejsce wydania Warszawa :
Nazwa wydawcy/dystrybutora Dom Wydawniczy ABC,
Data publikacji, dystrybucji/powstania dokumentu 1998.
300 ## - STREFA OPISU FIZYCZNEGO
Objętość 445 s. ;
Rozmiary 21 cm.
650 #9 - HASŁO PRZEDMIOTOWE W FORMIE NAZWY OGÓLNEJ LUB JEDNOSTKOWEJ
Nazwa ogólna lub geograficzna Prawo pracy
Określnik geograficzny Polska
Określnik chronologiczny stan na 1998 r.
655 ## - TERMIN INDEKSOWY - OKREŚLENIE RODZAJU/FORMY DOKUMENTU
Określenie rodzaju/formy dokumentu Tablice i wzory
856 ## - LOKALIZACJA I DOSTĘP DO ELEKTRONICZNYCH DOKUMENTÓW ZDALNYCH
Link (URL) http://koha.tu.koszalin.pl/cgi-bin/koha/opac-detail.pl?biblionumber=33095
Tekst linku Katalog online BPK
942 ## - DODATKOWE ELEMENTY (KOHA)
Typ dokumentu Książka
Egzemplarze
Wycofany Status egzemplarza Uszkodzony Dostępność Lokalizacja stała Lokalizacja bieżąca Miejsce przechowywania Sygnatura Kod kreskowy Dział Typ dokumentu
      Tylko na miejscu Biblioteka Politechniki Koszalińskiej Biblioteka Politechniki Koszalińskiej Czytelnia BG 42893 01313512 349.2 Prawo pracy Książka
© 2023 Biblioteka Politechniki Koszalińskiej :: KOHA